00765nam a2200181 i 450000100060000000300090000600500170001500700030003200800410003510000240007624502290010026000630032930000210039250000710041370000270048471000390051185200330055030743ES-MaACL20230906154239.0t|030127s1941 cu ||||1| spa d1 aBatista, Fulgencio.10aDiscurso del... presidente de la República Fulgencio Batista y Zaldívar y del Ministro de Educación Juan J. Remos y Rubio en la inauguración del Consejo de Educación y Cultura... / cFulgencio Batista y Zaldívar. a[S.l. : bs.n., c1941] (eHabana : fCárdenas y Cía.) a18 p. ; c26 cm. aPrecede al tít.: República de Cuba. Ministerio de Educación.1 aRemos y Rubio, Juan J.1 aCuba. bMinisterio de Educación. aES-MaACLj1839-F-3 bR.19042